000 00990nam a2200289 a 4500
001 000046854
003 DO-SdBNP
005 20240507110813.0
007 ta
008 180403s2016 dr 000 0 spa d
020 _a9789945586862
040 _aDO-SdBNP
_bspa
_cBNPHU
082 4 _a972.93
_bH694p, 2016
_222
100 1 _aHoepelman, Antonio
_935971
245 1 0 _aPáginas dominicanas de historia contemporánea /
_cAntonio Hoepelman.
260 _aSanto Domingo :
_bArchivo General de la Nación,
_c2016.
300 _a271 p. ;
_c23 cm.
490 1 _aArchivo General de la Nación
_v246
500 _aIncluye datos biográficos del autor en las solpas
500 _aIncluye índice onomástico
590 _aInventariado, 2018/BT
650 4 _aRepública dominicana
_xHistoria
_y1865-1916
_938205
650 4 _aRepública dominicana
_xPolítica y gobierno
_y1965-1916
_974800
830 _aArchivo General de la Nación ;
_n227
_973352
910 _aBtavárez
942 _2ddc
_cLBS1
999 _c46343
_d46343